000 00631nam a22001817a 4500
003 UA-OsUOA
001 17132
007 ta
008 20040211b un ||||| |||| 00| 0 ukr d
100 _aПащук І.
942 _cSA
040 _aUA-OsUOA
_cUA-OsUOA
_dUA-OsUOA
245 _aПраведна зоря його життя
_b[Про літературознавця , публіциста . громад. діяча , який народився в м.Дубно]
300 _aС.3
955 _a0
773 0 _w0
_tВісті Рівненщини
_dРівне
_d2004
_g№4/14 січ./
650 7 _aВидатні діячі
_2UDC
999 _c303300
_d303300